Statistics for 15 Random Facts #3

Click here to take the quiz!

General Stats

  • This quiz has been taken 13 times
  • The average score is 8 of 15

Answer Stats

QuestionAnswer% Correct
Which Country uses the most pencilsChina
100%
The ___End
83%
Which State have the most Bigfoot sightingsWashington
83%
Are Krakens realNo
67%
What Year the terminator come out1984
50%
What Day and Month Does F.N.A.F releasesAugust 8
50%
What Country has the least GDP per CapitalBurundi
50%
How do you spell Mongolia's CapitalUlaarbaatar
50%
What year did Liberia became a country1847
33%
What are the chance of winning Powerball1 in 292 Million
33%
How Deep is Challenger Deep35,876
33%
How Long was the Phillipine American War3 years
33%
How Tall is Caitlin Clark6.0
33%
What was the population density for Mexico right now65.87
33%
Who won the Super Bowl 1984Portland Raiders(Now called Las Vegas Raiders)
17%

Score Distribution

Percentile by Number Answered

Percent of People with Each Score

Your Score History

You have not taken this quiz